| 000 | 01008nam a22002657a 4500 | ||
|---|---|---|---|
| 005 | 20240305165615.0 | ||
| 007 | cr|||| |||| | ||
| 008 | 210903s2013 ca |||||s|||| 00||0 eng d | ||
| 020 | _a978-1-55221-340-7 | ||
| 035 | _a35297 | ||
| 040 | _avLex | ||
| 090 |
_c12232 _d12232 |
||
| 100 | 1 | _aKaplan, Ari | |
| 245 | 1 | 0 |
_aPension Law _h[Recurso electrónico] / _cAri Kaplan, Mitch Frazer |
| 250 | _aSegunda Edición | ||
| 256 | _aServicio en línea | ||
| 260 |
_aToronto: _bIrwin Law Inc., _c2013 |
||
| 300 | _a1 recurso electrónico | ||
| 506 | 1 |
_aDisponible solo en los productos indicados _dvLex Global _dvLex Global (Academic Edition, excluding Law Schools) _dvLex Global (U.S. Academic Edition, Law Schools) _dvLex Global (U.S. Academic Edition, excluding Law Schools) _dvLex Global (Academic Edition, Law Schools) |
|
| 650 | 0 | 4 |
_aDerecho Civil _zCanadá |
| 700 | 1 | _aFrazer, Mitch | |
| 740 | 0 | _avLex Libros (Servicio en línea) | |
| 856 | 4 | 0 | _uhttps://app.vlex.com/#/sources/35297 |
| 942 | _cRAA | ||
| 999 |
_c170468 _d170468 |
||